Países solapados (tres letras) - Estadísticas

Estadísticas generales
  • Esta prueba ha sido intentada 194 veces
  • La puntuación promedio es 13 de 32
Estadísticas de respuestas
País % Correcto
Pakistán
67%
Afganistán
66%
Uzbekistán
64%
Tanzania
63%
Tayikistán
63%
Kazajistán
61%
Kirguistán
61%
Turkmenistán
60%
Namibia
55%
Corea del Sur
52%
Surinam
49%
Marruecos
48%
Vietnam
45%
Costa de Marfil
44%
Costa Rica
43%
Filipinas
43%
Italia
43%
Sudán del Sur
43%
Nepal
32%
Bután
31%
Palaos
29%
Guatemala
26%
Nicaragua
26%
Uruguay
25%
Mónaco
23%
Mongolia
22%
Nauru
22%
Arabia Saudita
21%
Montenegro
19%
Islas Salomón
15%
Lesoto
14%
Seychelles
8%
No se encontraron pruebas coincidentes
Distribución de puntuación
Porcentaje de gente con cada puntuación
Porcentaje por número respondido
Historial de tus puntuaciones
No has intentado esta prueba.